Explotaciones ganaderas y agricolas (Registro nro. 2165)

Detalles MARC
000 -LEADER
fixed length control field 00869 a2200193 4500
001 - CONTROL NUMBER
control field 31240
005 - DATE AND TIME OF LATEST TRANSACTION
control field 20260407155618.0
008 - FIXED-LENGTH DATA ELEMENTS--GENERAL INFORMATION
fixed length control field 260407a1968 arg spa d
003 - CONTROL NUMBER IDENTIFIER
control field AR-UNSa-BCEJYS
040 ## - CATALOGING SOURCE
Original cataloging agency AR-UNSa-BCEJYS
Language of cataloging spa
Transcribing agency AR-UNSa-BCEJYS
080 ## - UNIVERSAL DECIMAL CLASSIFICATION NUMBER
Universal Decimal Classification number 658:631.1
Common auxiliary subdivision Administración de empresas agropecuarias(maquinarias, etc.)
100 1# - MAIN ENTRY--PERSONAL NAME
Personal name Del Valle, Cecilio
245 10 - TITLE STATEMENT
Title Explotaciones ganaderas y agricolas
Name of part/section of a work organización administrativa contable
264 #1 - PRODUCTION, PUBLICATION, DISTRIBUTION, MANUFACTURE, AND COPYRIGHT NOTICE
Place of production, publication, distribution, manufacture Buenos Aires :
Name of producer, publisher, distributor, manufacturer Selección Contable
Date of production, publication, distribution, manufacture, or copyright notice 1968
300 ## - PHYSICAL DESCRIPTION
Extent 151p.
Dimensions 23 cm.
505 ## - FORMATTED CONTENTS NOTE
Formatted contents note 1. Organización administrativa - 2. Clases de establecimientos - 3. Negociaciones - 4. Contabilidad - 5. Balance de cierre - 6. Memoria descriptiva y rendición de cuentas - 7. Vocabulario y frases de uso corriente en las explotaciones agropecuarias
590 ## - LOCAL NOTE (RLIN)
Local note niveau_biblio:m niveau_hierar:0
942 ## - ADDED ENTRY ELEMENTS (KOHA)
Koha item type
Existencias
Withdrawn status Lost status Damaged status Not for loan Home library Current library Shelving location Date acquired Total checkouts Full call number Barcode Date last seen Price effective from Koha item type
        Biblioteca Prof. Eusebio Cleto del Rey Biblioteca Prof. Eusebio Cleto del Rey   07/04/2026   658:631.1 D331 L23931 07/04/2026 07/04/2026 Libro
        Biblioteca Prof. Eusebio Cleto del Rey Biblioteca Prof. Eusebio Cleto del Rey   07/04/2026   658:631.1 D331 L24459 07/04/2026 07/04/2026 Libro
        Biblioteca Prof. Eusebio Cleto del Rey Biblioteca Prof. Eusebio Cleto del Rey   07/04/2026   658:631.1 D331 L24458 07/04/2026 07/04/2026 Libro